000 00748nam a2200205Ii 4500
003 JO-AjNU
008 230605s9999||||xx |||||||||||||| ||und||
017 _a2006/7/1934
040 _aJO-AjNU
_bara
_erda
_cJO-AjNU
041 _aara
050 1 4 _aPJ616.D8542 2006
100 3 _aالضمور، عماد,
_eauthor
_949158
245 0 0 _aعمّان وهج المكان وبوح الذاكره: دراسة نقدية لصورة عمّان في الشعر الأردني المعاصر
264 3 1 _aعمان: أمانة عمّان، 2006
300 _a228ص
336 _atext
_btxt
_2rdacontent
337 _aunmediated
_bn
_2rdamedia
338 _avolume
_bnc
_2rdacarrier
650 4 _aالنقد الأدبي- التحليل الأدبي
_949159
999 _aA21574
_c25142
_d25142